000 00395nam a22001217a 4500
082 _a200 THE
100 _aMAMOONA ARSHAD
_969998
245 _aTH-SOF-1379- OPTIMAZATION OF LOCATORS PLACEMENT FOR MINIMUM WORKPIECE POSITIONING ERROR
260 _aIslamabad
_bNUST College of EME
_c2017
650 _aMS-MECH-76 MSTHESIS
_969999
700 _a Supervisor Dr. SAJID ULLAH BUT
_970000
942 _cCF
999 _c577060
_d577060